Online Catalogue and eLibrary

Sannivedana vidhi (Record no. 5100)

MARC details
000 -LEADER
fixed length control field 00392nam a2200157Ia 4500
005 - DATE AND TIME OF LATEST TRANSACTION
control field 20250521032632.0
008 - FIXED-LENGTH DATA ELEMENTS--GENERAL INFORMATION
fixed length control field 240331s9999 xx 000 0 und d
020 ## - INTERNATIONAL STANDARD BOOK NUMBER
ISBN 955952268X
082 ## - DDC Classification
Item Number - Author Mark KAR
Class No. 302
100 ## - MAIN ENTRY--PERSONAL NAME
Personal name Karunanayake,N
245 #0 - TITLE STATEMENT
Title Sannivedana vidhi
260 ## - PUBLICATION, DISTRIBUTION, ETC.
Place of publication, distribution, etc. Nugegoda
Name of publisher, distributor, etc. Media Publishers
Date of publication, distribution, etc. 1994
300 ## - PHYSICAL DESCRIPTION
Extent (e.g. Volumes, Pages etc.) 136 p .,
500 ## - GENERAL NOTE
General note A Book of Communication Methods
942 ## - Koha item type (Biblio)
Koha item type Books in Stacks (Lending)
Holdings
Lost status Damaged status Collection code Home library Current library Shelving location Date acquired Full call number Accession Number Item type
    Lending WERC Library WERC Library Social Science Cupboard 03/31/2024 302.2 KAR 3819 Books in Stacks (Lending)

© WERC Library